On modi time : (Record no. 144263)

MARC details
000 -LEADER
fixed length control field 00539nam a22001697a 4500
010 ## - LCCN (DPL NO)
LC control number ENG-120531
020 ## - INTERNATIONAL STANDARD BOOK NUMBER
International Standard Book Number 9789385485008
Terms of availability 300.00
035 ## - SYSTEM CONTROL NUMBER
System control number EN-104063
037 ## - SOURCE OF ACQUISITION
Source of stock number/acquisition DBAD/PUB
082 ## - DEWEY DECIMAL CLASSIFICATION NUMBER
Classification number 320.550954
100 ## - MAIN ENTRY--PERSONAL NAME
Personal name Elst, Koenraad
245 ## - TITLE STATEMENT
Title On modi time :
Remainder of title merits and flaws of hindu activism in its day of incumbency /
Statement of responsibility, etc by Koenraad Elst
260 ## - PUBLICATION, DISTRIBUTION, ETC. (IMPRINT)
Place of publication, distribution, etc New Delhi
Name of publisher, distributor, etc Voice of India
Date of publication, distribution, etc 2015
270 ## - ADDRESS
Address 2/18, Ansari Road,
City Delhi
Postal code 110002
300 ## - PHYSICAL DESCRIPTION
Extent 254p.
Other physical details 21cm(pbk).
942 ## - ADDED ENTRY ELEMENTS (KOHA)
Source of classification or shelving scheme Dewey Decimal Classification
Item type English Books
Classification part 320.550954
Call number suffix ELS
Holdings
Withdrawn status Lost status Not for loan Collection code Home library Current library Date acquired Source of acquisition Cost, normal purchase price Full call number Barcode Copy number Cost, replacement price Koha item type
    Not For Loan Non-fiction D.B.Act.Division Bawana 11/09/2017 DBAD/PUB 300.00 320.550954 ELS EN-104063 1 300.00 English Books

© Delhi Public Library
Hit Counter
free hit counter